| 000 | 00378nam a22001457a 4500 | ||
|---|---|---|---|
| 005 | 20150409121321.0 | ||
| 008 | 150409b xxu||||| |||| 00| 0 eng d | ||
| 040 | _cPK-LaUMT | ||
| 082 |
_aKHC 954.035 _bSTE-P |
||
| 100 | _aStephens, Ian | ||
| 245 |
_aPakistan old country new nation _cIan Stephens |
||
| 260 |
_aEngland _bPenguin books _c1964 |
||
| 300 | _a352 p. | ||
| 942 | _cBK | ||
| 999 |
_c69795 _d69795 |
||